01163nam a2200241Ia 450000100060000000300090000600800410001504000130005604000130006904100130008210000260009510000290012124500310015024500310018125000110021226000130022326000180023626000490025430000430030350005210034665000230086765000310089035193IT-RoPAU130308s9999 xx 000 0 und d aIT-RoPAU cIT-RoPAU aFRANCESE aMaingueneau Dominique gCodice Aut. SPICS: 4326 aSemantique de la polemique bSemantique de la Polemique a1a ed. aLAUSANNE bL'Age D'Homme c1983 [1° Ed.:1983 - Ed.Ling.Originale:1983] a"208 p. (prefazione: no ; testo: 208)" aSemantica della Polemica Modello Costruzione del Modello Oggetto relazioni Fondamentali Primato della Dolcezza Melanconia e Devozione Dalla medicina Alla Musica Semantica del Corpo Devoto Sociabilità e Silenzio Onore e Gloria Figura Mariale Mediazione Funzione cosmica Pericoli della Contiguità ritorno all'origine necessario e Superfluo Abbigliamento delle Donne Ornamento del Discorso Denaro cambio e Superfluo Umanesimo Devoto e Giansenismo Dio e Mondo Costruzione di un sotto Modello del Discorso Giansenista aSAGGI DI SEMANTICA eCodice materia Spics: 3307